000 00277nam a22001097a 4500
008 170104b xxu||||| |||| 00| 0 eng d
020 _a08016055555
041 _aeng
080 _a618.2
245 _aMENTAL HEALTH PSYCHIATRIC NURSING
_cBECK & RAWLINS & WILLIAMS
942 _2udc
_cBK
999 _c2529
_d2529